Quel pays en Europe ? - Statistiques

Statistiques générales
  • Ce quiz a été pris 150 fois
  • Le résultat moyen est 28 sur 30
Statistiques - réponses
Quel pays d'Europe Lettre Pays % Correct
...serait le douzième plus grand pays du monde si on compte le Groenland D Danemark
99%
...regroupe les Cyclades et le Parthenon G Grèce
98%
...possède le plus grand port d'Europe P B Pays-Bas
98%
...parle 4 langues dont le romanche S Suisse
98%
...détient la Crimée depuis 1991 U Ukraine
98%
...à pour spécialité le Waterzooi et la Carbonade flamande B Belgique
97%
...peut participer à la coupe du monde de football avec ses 4 nations constitutives R U Royaume-Uni
97%
...réside Léon XIV depuis 2025 V Vatican
97%
...organise les Jeux Olympiques de 1992 E Espagne
96%
...habite le père Noël F Finlande
96%
...fut le lieu de l'unique victoire d'Esteban Ocon en Formule 1 H Hongrie
96%
...cumule 1758 fjords parsemés sur toute sa côte N Norvège
96%
...a des départements d'outre-mer F France
94%
...concourt les épreuves sportives sous bannière neutre R Russie
94%
...était séparé en 2 parties jusqu'à la chute d'un célèbre mur A Allemagne
93%
...fait parti des 6 entités celtiques I Irlande
93%
...entoure a lui seul deux enclaves I Italie
93%
...est la patrie de Robert Lewandowski P Pologne
93%
...à 933 kilomètres de frontières avec la Bosnie-Herzégovine C Croatie
91%
...devient indépendant le 17 février 2008 K Kosovo
91%
...à 3 bandes horizontales sur son drapeau (bleue, noire et blanche) E Estonie
90%
...à la Tunisie comme second plus proche pays après l'Italie M Malte
90%
...compte environ 25 geysers actifs I Islande
89%
...à Nazaré comme spot de surf avec les plus grandes vagues du monde P Portugal
87%
...permet d'admirer les deux lacs Vänern et Vättern S Suède
87%
...rejoint la zone euro le 1er janvier 2026 B Bulgarie
86%
...remporte la LDC en 1991 grâce au club de sa capitale S Serbie
84%
...à le plus grand taux de consommation de cigarettes du continent A Andorre
81%
...à pour capitale un département français A Autriche
81%
...possède de la plus grande densité de population avec 26 105 hab/km² M Monaco
81%
Aucun quiz correspondant
Distribution des résultats
% des personnes avec chaque résultat
Percentile par nombre de réponses
Votre historique - résultats
Vous n’avez pas pris ce quiz